书目信息 |
| 题名: |
文化政策学
|
|
| 作者: | 胡惠林 著 | |
| 分册: | ||
| 出版信息: | 北京 清华大学出版社 2015.01 |
|
| 页数: | 14, 376页 | |
| 开本: | 23cm | |
| 丛书名: | ||
| 单 册: | ||
| 中图分类: | G120 | |
| 科图分类: | ||
| 主题词: | 文化学--wen hua xue--政策学--中国--高等学校--教材 | |
| 电子资源: | ||
| ISBN: | 978-7-302-38020-7 | |
| 000 | 00816nam0 2200241 450 | |
| 001 | 0109110035 | |
| 005 | 20201109162714.62 | |
| 010 | @a978-7-302-38020-7@dCNY49.80 | |
| 100 | @a20151126e20202015em y0chiy0110 ea | |
| 101 | 0 | @achi |
| 102 | @aCN@b110000 | |
| 105 | @ay z 000yy | |
| 106 | @ar | |
| 200 | 1 | @a文化政策学@Awen hua zheng ce xue@f胡惠林著 |
| 205 | @a2版 | |
| 210 | @a北京@c清华大学出版社@d2015.01@h2020.01 | |
| 215 | @a14, 376页@d23cm | |
| 330 | @a本书阐述了文化政策的主体和客体、选择、制定、执行和终止,以及我国社会主义文化的总政策、基本政策,统一战线和知识分子政策、文化产业政策和国家文化安全政策等。 | |
| 606 | 0 | @a文化学@Awen hua xue@x政策学@y中国@x高等学校@j教材 |
| 690 | @aG120@v5 | |
| 701 | 0 | @a胡惠林@Ahu hui lin@4著 |
| 801 | 0 | @aCN@bBJSZM@c20201103 |
| 905 | @b1264686-90@dG120@e314=2@f5 | |
| 文化政策学/胡惠林著.-2版.-北京:清华大学出版社,2015.01(2020.01) |
| 14, 376页;23cm |
| ISBN 978-7-302-38020-7:CNY49.80 |
| 本书阐述了文化政策的主体和客体、选择、制定、执行和终止,以及我国社会主义文化的总政策、基本政策,统一战线和知识分子政策、文化产业政策和国家文化安全政策等。 |
| ● |
| 相关链接 |
|
|
|
|
正题名:文化政策学
索取号:G120/314=2
 
预约/预借
| 序号 | 登录号 | 条形码 | 馆藏地/架位号 | 状态 | 备注 |
| 1 | 1264686 | 212646868 | 第一样本阅览室/ [索取号:G120/314=2] | 在馆 | |
| 2 | 1264687 | 212646877 | 教育系资料室/ [索取号:G120/314=2] | 在馆 | |
| 3 | 1264688 | 212646886 | 教育系资料室/ [索取号:G120/314=2] | 在馆 | |
| 4 | 1264689 | 212646895 | 第四借阅区/ [索取号:G120/314=2] | 在馆 | |
| 5 | 1264690 | 212646902 | 第四借阅区/ [索取号:G120/314=2] | 在馆 |